Revenue systems of ASEAN countries : an overview

Bibliographic Details
Main Author: Asher, Mukul G.
Format: Book
Published: Singapore : Singapore University Press , 1980
Subjects:

MARC

LEADER 00000cam a2200000 7i4500
001 0000009201
005 20160812.0
040 |a INS 
090 0 0 |a HJ2905   |b A84 1980 
100 0 |a Asher, Mukul G. 
245 1 0 |a Revenue systems of ASEAN countries :   |b an overview   |c Mukul G. Asher 
260 |a Singapore :   |b Singapore University Press ,   |c 1980 
300 |a 66p ;   |c 22cm. 
650 0 0 |a Revenue   |z Asia,South Eastern 
650 0 0 |a Taxation   |z Asia,South Eastern 
999 |a 0000022440   |b BOOK   |c Open Shelf   |e Default branch